000 00476nam a22001697a 4500
005 20251108172547.0
008 250721s9999 xx 000 0 ara d
082 1 4 _aم/810/هاش
100 1 _aالهاشمي، السيد أحمد
245 1 0 _aجواهر الأدب /
264 1 _aبيروت :
_bمؤسسة المعارف،
300 _a472 ص
650 1 7 _aالأدبي العربي
650 1 7 _aالتاريخ الأدبي
942 _2ddc
_cREF
999 _c82567
_d82567